Statistiques concernant Autour des Barbapapa... pour les grands enfants

Cliquez ici pour prendre le quiz!

Statistiques générales

  • Ce quiz a été pris 34 fois
  • Le résultat moyen est 12 sur 20

Statistiques - réponses

QuestionRéponse% Correct
Le premier personnage qui apparait estBarbapapa
100%
Qu'est-ce-qui est faux concernant Barbapapa ?il est noir
94%
Qu'est-ce-qui est faux concernant Barbotine ?c'est un garçon
85%
Qu'est-ce-qui est faux concernant Barbouille ?il est peintre en bâtiment
85%
Qu'est-ce-qui est faux concernant Barbalala ?c'est la mère de Barbapapa
79%
Qu'est-ce-qui est faux concernant Barbidou ?il est poète
74%
La chanson du générique estVoici venir les Barbapapa
74%
Où Barbapapa a-t-il trouvé Barbamama ?au pied d'un arbre
71%
Qu'est-ce-qui est faux concernant Barbamama ?elle cuisine mal
71%
Qu'est-ce-qui est faux concernant Barbibul?il porte des lunettes
65%
Comment naissent les Barbapapa ?Ce sont des graines qui poussent
62%
Qui est Lolita ?la chienne de Barbidur
59%
Qu'est-ce-qui est faux concernant Barbidur ?il choisit attentivement sa nourriture
53%
La 1ère série télé compte de nombreux épisodes de 5 minutes... Combien ?45
50%
Comment s'appelle le bébé ?Alice
50%
Qu'est-ce-qui est faux concernant Barbabelle ?elle a peur des souris
41%
La 1ère série a été diffusée en France pour la 1ère fois1974
38%
Combien existe-t-il de séries de Barbapapa ?4
38%
La série est née...aux Etats-Unis
18%
Qui est Socrate ?Un chien
15%

Distribution des résultats

Percentile par nombre de réponses

% des personnes avec chaque résultat

Votre développement - résultats

Vous n’avez pas pris ce quiz